Br̥hat Hindī-Marāṭhī śabdakośa. (Record no. 66366)

MARC details
000 -LEADER
fixed length control field 00665cam a22002411 4500
001 - CONTROL NUMBER
control field sa 65009701
003 - CONTROL NUMBER IDENTIFIER
control field DLC
005 - DATE AND TIME OF LATEST TRANSACTION
control field 20260227112204.0
008 - FIXED-LENGTH DATA ELEMENTS--GENERAL INFORMATION
fixed length control field 920131s1965 ii d 000 0 hino
010 ## - LIBRARY OF CONGRESS CONTROL NUMBER
LC control number sa 65009701
035 ## - SYSTEM CONTROL NUMBER
System control number (OCoLC)25198838
040 ## - CATALOGING SOURCE
Original cataloging agency DLC
Transcribing agency WaU
Modifying agency DLC
041 0# - LANGUAGE CODE
Language code of text/sound track or separate title hinmar
042 ## - AUTHENTICATION CODE
Authentication code premarc
050 00 - LIBRARY OF CONGRESS CALL NUMBER
Classification number PK2373
Item number .B7
245 00 - TITLE STATEMENT
Title Br̥hat Hindī-Marāṭhī śabdakośa.
260 ## - PUBLICATION, DISTRIBUTION, ETC.
Date of publication, distribution, etc. [1965]
300 ## - PHYSICAL DESCRIPTION
Extent 6, 678 p.
Dimensions 26 cm.
500 ## - GENERAL NOTE
General note Hindi and Marathi; introductory matter in Marathi.
650 #0 - SUBJECT ADDED ENTRY--TOPICAL TERM
Topical term or geographic name entry element Hindi language
General subdivision Dictionaries
-- Marathi.
700 1# - ADDED ENTRY--PERSONAL NAME
Personal name Nene, Gopal Parashuram,
Dates associated with a name 1913-
700 1# - ADDED ENTRY--PERSONAL NAME
Personal name Joshi, Shripad,
Dates associated with a name 1920-

No items available.

Powered by Koha